[Event "SR 4. liga A21 2013/2014"]
[Site "?"]
[Date "2013.11.03"]
[Round "3.1"]
[White "Bajcar, Pavol"]
[Black "Sedlak, Rastislav"]
[Result "1/2-1/2"]
[WhiteElo "1745"]
[BlackElo "1761"]
[PlyCount "155"]
[EventDate "2013.??.??"]

1. d4 d5 2. Bf4 Nf6 3. Nf3 Bf5 4. e3 e6 5. Bd3 Bxd3 6. Qxd3 a6 7. Nbd2 c5 8. c3
Nc6 9. O-O Bd6 10. Bxd6 Qxd6 11. dxc5 Qxc5 12. e4 O-O 13. exd5 Qxd5 14. Qxd5
Nxd5 15. Nb3 h6 16. Rfd1 Rfd8 17. g3 Kf8 18. Kf1 Ke7 19. Ke2 b5 20. Rd3 Nb6 21.
Nbd4 Nxd4+ 22. Nxd4 Rd6 23. Rad1 Kf6 24. Nc2 Rxd3 25. Rxd3 Ke7 26. b3 Rd8 27.
Rxd8 Kxd8 28. Nb4 Nd5 29. Kd3 Nxb4+ 30. cxb4 Kc7 31. Kd4 Kd6 32. f4 f6 33. g4
e5+ 34. fxe5+ fxe5+ 35. Ke4 Ke6 36. h3 g6 37. h4 Kd6 38. a3 Ke6 39. h5 g5 40.
a4 Kd6 41. Kf5 Kd5 42. Kg6 e4 43. Kxh6 e3 44. Kxg5 e2 45. Kh6 e1=Q 46. g5 Qe3
47. Kg6 Qe6+ 48. Kg7 Qe7+ 49. Kg6 Ke5 50. h6 Kf4 51. h7 Qxg5+ 52. Kf7 Qh6 53.
Kg8 Qg6+ 54. Kh8 Qe4 55. Kg8 Qd5+ 56. Kf8 Qd6+ 57. Kf7 Qxb4 58. h8=Q Qxb3+ 59.
Ke7 Qb4+ 60. Kd7 Qxa4 61. Qh4+ Ke5 62. Qg5+ Kd4 63. Qf4+ Kc3 64. Qe3+ Kb4 65.
Qd2+ Ka3 66. Qc1+ Ka2 67. Qd2+ Kb1 68. Qe1+ Kb2 69. Qe5+ Kb3 70. Qe3+ Kc4 71.
Qc1+ Kd5 72. Qc6+ Kd4 73. Qf6+ Kd3 74. Qf3+ Kd2 75. Qf2+ Kc1 76. Qe3+ Kb2 77.
Qe5+ Ka3 78. Qa1+ 1/2-1/2

[Event "SR 4. liga A21 2013/2014"]
[Site "?"]
[Date "2013.11.03"]
[Round "3.2"]
[White "Nemeckay, Rastislav"]
[Black "Hirmajer, Jan"]
[Result "1-0"]
[WhiteElo "1986"]
[BlackElo "1957"]
[PlyCount "145"]
[EventDate "2013.??.??"]

1. e4 c5 2. Nf3 Nc6 3. d4 cxd4 4. Nxd4 g6 5. Nc3 Bg7 6. Be3 Nf6 7. g3 d5 8. Bg2
Ng4 9. Nxc6 bxc6 10. exd5 Nxe3 11. fxe3 Qb6 12. Qc1 Ba6 13. Kf2 Bb7 14. Rb1 O-O
15. dxc6 Bxc6 16. Bxc6 Qxc6 17. Ne2 e5 18. Rf1 Bh6 19. c4 Qe4 20. b3 Rad8 21.
Nc3 Qf5+ 22. Kg2 Qd3 23. Re1 Qf5 24. Nd5 Qe4+ 25. Kg1 Kg7 26. Qd2 Qg4 27. Qe2
Qe6 28. e4 Kg8 29. Rf1 Bg7 30. Rf3 f5 31. Rbf1 Rd7 32. Qf2 Rdf7 33. Qc2 Qd7 34.
exf5 gxf5 35. Rxf5 Rxf5 36. Rxf5 Rxf5 37. Qxf5 Qd8 38. Qc8 Qxc8 39. Ne7+ Kf7
40. Nxc8 a6 41. Kf2 Ke6 42. Nb6 Bf8 43. Nd5 Kf5 44. h3 Ke4 45. Nf6+ Kd3 46. Kf3
Be7 47. Ne4 a5 48. g4 Kc2 49. Ke3 Kb2 50. Kd3 Kxa2 51. Kc3 Ka3 52. c5 Bd8 53.
c6 a4 54. bxa4 Kxa4 55. Kc4 Ka5 56. Kd5 Kb6 57. Nc5 Bg5 58. Nd7+ Kc7 59. Nxe5
Be7 60. Nd3 Bh4 61. Nc5 Bg3 62. Ne6+ Kc8 63. Nf8 h6 64. Ne6 Kb8 65. g5 hxg5 66.
Nxg5 Kc7 67. Nf3 Bf4 68. h4 Kd8 69. h5 Ke7 70. Ne5 Kd8 71. Kd6 Kc8 72. Kd5 Kd8
73. h6 1-0

[Event "SR 4. liga A21 2013/2014"]
[Site "?"]
[Date "2013.11.03"]
[Round "3.2"]
[White "Bjel, Lubos"]
[Black "Celustkova, Lubica"]
[Result "1-0"]
[WhiteElo "1754"]
[BlackElo "1618"]
[PlyCount "75"]
[EventDate "2013.??.??"]

1. e4 e5 2. Nf3 Nc6 3. Bc4 Be7 4. c3 Nf6 5. d3 O-O 6. Be3 d6 7. Nbd2 Ng4 8. h3
Nxe3 9. fxe3 Na5 10. O-O Nxc4 11. Nxc4 Kh8 12. d4 b5 13. Na5 Bf6 14. dxe5 dxe5
15. Nc6 Qe8 16. Nb4 c6 17. Qd6 Bd7 18. Rad1 Rd8 19. Qc7 g6 20. Nd3 Rc8 21. Qd6
Bg7 22. Ndxe5 Be6 23. b3 f6 24. Nd3 Rd8 25. Qc5 Rf7 26. Nf4 Rxd1 27. Rxd1 Bf8
28. Qd4 Bd7 29. b4 Bg7 30. h4 a6 31. Qb6 Qxe4 32. Rxd7 Rf8 33. Qd4 Qb1+ 34. Kh2
Qxa2 35. Rd8 Qf7 36. Rxf8+ Qxf8 37. Ne6 Qb8+ 38. g3 1-0

[Event "SR 4. liga A21 2013/2014"]
[Site "?"]
[Date "2013.11.03"]
[Round "3.2"]
[White "Klimes, Karel"]
[Black "Lajda, Dusan"]
[Result "1/2-1/2"]
[WhiteElo "1651"]
[BlackElo "1863"]
[PlyCount "45"]
[EventDate "2013.??.??"]

1. e4 c5 2. Nf3 d6 3. Bc4 Nf6 4. d3 e6 5. a3 Be7 6. Be3 O-O 7. O-O Nc6 8. Nbd2
a6 9. c3 b5 10. Bb3 Bb7 11. Bc2 Rc8 12. b4 Nd7 13. d4 c4 14. h3 e5 15. d5 Ncb8
16. Nh2 f5 17. f4 fxe4 18. Bxe4 Nf6 19. Ng4 Nxe4 20. Nxe4 Nd7 21. fxe5 Rxf1+
22. Qxf1 Bxd5 23. Nxd6 1/2-1/2

[Event "SR 4. liga A21 2013/2014"]
[Site "?"]
[Date "2013.11.03"]
[Round "3.2"]
[White "Bjel, Jan"]
[Black "Kanka, Tomas"]
[Result "0-1"]
[WhiteElo "1859"]
[BlackElo "1688"]
[PlyCount "44"]
[EventDate "2013.??.??"]

1. d4 d5 2. c4 c6 3. cxd5 cxd5 4. Nc3 Nf6 5. Bg5 e6 6. Nf3 Be7 7. e3 a6 8. Bd3
Nc6 9. O-O O-O 10. Rc1 Nd7 11. Bxe7 Qxe7 12. Bb1 f5 13. a3 Nf6 14. Na4 Bd7 15.
Nb6 Rad8 16. Nd2 Be8 17. f3 Nd7 18. Nxd7 Bxd7 19. Qb3 Bc8 20. Rc3 Rf6 21. Rfc1
Rh6 22. Qc2 e5 {mobil} 0-1

[Event "SR 4. liga A21 2013/2014"]
[Site "?"]
[Date "2013.11.03"]
[Round "3.2"]
[White "Wallner, Juraj"]
[Black "Bjel, Tomas"]
[Result "1-0"]
[WhiteElo "1512"]
[BlackElo "1674"]
[PlyCount "73"]
[EventDate "2013.??.??"]

1. e4 e5 2. Nf3 d6 3. Bc4 Be6 4. Bb3 Nf6 5. Nc3 Be7 6. d4 Nbd7 7. h3 Bxb3 8.
axb3 O-O 9. O-O exd4 10. Nxd4 Nc5 11. Qf3 Nfd7 12. Nf5 Bf6 13. Nd5 g6 14. Nh6+
Kh8 15. g4 Bg5 16. Nxf7+ Kg8 17. Bxg5 Rxf7 18. Qxf7+ Kxf7 19. Bxd8 Rxd8 20.
Nxc7 a6 21. f3 Ne5 22. Rad1 Ke7 23. Nd5+ Ke6 24. b4 Ncd7 25. f4 Nc4 26. b3 Ncb6
27. Ne3 Nf6 28. e5 Ne4 29. Rd4 Ng3 30. Rf2 Nd7 31. Rxd6+ Ke7 32. Rd4 Nf8 33.
Rxd8 Kxd8 34. f5 Ne4 35. Rf4 Ng5 36. Kg2 Nd7 37. h4 1-0

[Event "SR 4. liga A21 2013/2014"]
[Site "?"]
[Date "2013.11.03"]
[Round "3.3"]
[White "Kubis, Ivan"]
[Black "Diviak, Rastislav"]
[Result "0-1"]
[WhiteElo "1992"]
[BlackElo "1998"]
[PlyCount "48"]
[EventDate "2013.??.??"]

1. e4 d6 2. d4 Nf6 3. Nc3 g6 4. f4 Bg7 5. Nf3 O-O 6. e5 Nfd7 7. Bc4 Nb6 8. Bb3
c5 9. dxc5 dxc5 10. Qxd8 Rxd8 11. Be3 Na6 12. Ne4 c4 13. Bxb6 axb6 14. Bxc4 Nb4
15. Bd3 Nxd3+ 16. cxd3 Rxd3 17. Ke2 Rd8 18. Rhd1 Be6 19. a3 Bd5 20. Ke3 f6 21.
Rac1 Bc6 22. Rd2 Rxd2 23. Nfxd2 fxe5 24. fxe5 Bh6+ 0-1

[Event "SR 4. liga A21 2013/2014"]
[Site "?"]
[Date "2013.11.03"]
[Round "3.3"]
[White "Pipiska, Adam"]
[Black "Vogl, Zdenek"]
[Result "0-1"]
[WhiteElo "1737"]
[BlackElo "1899"]
[PlyCount "98"]
[EventDate "2013.??.??"]

1. e4 e5 2. Nf3 Nc6 3. d4 exd4 4. Bc4 d6 5. Nxd4 Nxd4 6. Qxd4 Nf6 7. Nc3 Be7 8.
Be3 O-O 9. O-O Be6 10. Rad1 Bxc4 11. Qxc4 Qc8 12. Nb5 a6 13. Nc3 c6 14. f4 b5
15. Qd3 Qc7 16. Rf3 Rad8 17. Rh3 Rfe8 18. Bd4 g6 19. Qe3 Ng4 20. Qg3 h5 21. f5
b4 22. Ne2 c5 23. Qxg4 cxd4 24. Rxh5 Bf6 25. fxg6 fxg6 26. Qxg6+ Qg7 27. Qxg7+
Kxg7 28. Nxd4 Rxe4 29. Nf5+ Kg6 30. Rh6+ Kg5 31. Ng3 Rc4 32. Rh5+ Kg6 33. Ra5
Rxc2 34. b3 Rc6 35. Ne2 Re8 36. Nf4+ Kh6 37. Rh5+ Kg7 38. Rhd5 Be5 39. Nd3 Bc3
40. Rg5+ Kh6 41. Rg4 a5 42. Rh4+ Kg5 43. Rh7 Re2 44. Nc1 Bd4+ 45. Kh1 Rd2 46.
h4+ Kg6 47. Rxd2 Rxc1+ 48. Kh2 Be5+ 49. g3 Kxh7 0-1

[Event "SR 4. liga A21 2013/2014"]
[Site "?"]
[Date "2013.11.03"]
[Round "3.3"]
[White "Kubik, Peter"]
[Black "Ocko, Martin"]
[Result "0-1"]
[WhiteElo "1824"]
[BlackElo "1736"]
[PlyCount "90"]
[EventDate "2013.??.??"]

1. e4 c5 2. Nf3 Nc6 3. d4 cxd4 4. Nxd4 g6 5. Nc3 Bg7 6. Be3 d6 7. Bc4 Nf6 8.
O-O O-O 9. Qd2 Ng4 10. Nxc6 bxc6 11. Bd4 e5 12. Be3 Nxe3 13. Qxe3 Qb6 14. Qxb6
axb6 15. Rfd1 Rd8 16. Rd3 b5 17. Bb3 Be6 18. Rad1 Bf8 19. a3 Rdb8 20. Bxe6 fxe6
21. g3 b4 22. axb4 Rxb4 23. b3 d5 24. f3 Ra3 25. Kg2 d4 26. Ne2 Ra2 27. R1d2 c5
28. f4 Bh6 29. h4 c4 30. bxc4 Rxc4 31. Kf3 exf4 32. gxf4 e5 33. Rd1 Rcxc2 34.
Re1 Bxf4 35. Nxf4 Rf2+ 36. Kg3 Rxf4 37. Rf3 Rxf3+ 38. Kxf3 Ra3+ 39. Kg4 Kg7 40.
h5 Re3 41. Rxe3 dxe3 42. Kf3 gxh5 43. Kxe3 Kg6 44. Kf3 Kg5 45. Kg3 h4+ 0-1

[Event "SR 4. liga A21 2013/2014"]
[Site "?"]
[Date "2013.11.03"]
[Round "3.3"]
[White "Diviak, Rudolf"]
[Black "Vach, Jozef"]
[Result "1/2-1/2"]
[WhiteElo "1797"]
[BlackElo "1799"]
[PlyCount "83"]
[EventDate "2013.??.??"]

1. e4 e5 2. Nf3 Nc6 3. Bb5 a6 4. Ba4 Nf6 5. O-O d6 6. d3 Bd7 7. c3 Be7 8. Re1
O-O 9. Nbd2 h6 10. Nf1 Kh7 11. Ng3 b5 12. Bc2 Qc8 13. Nh4 g6 14. Qd2 Ng8 15.
Nf3 Bg4 16. Qe3 Bf6 17. h3 Bxf3 18. Qxf3 Bg7 19. Be3 Qd7 20. Rad1 Rad8 21. d4
Qe7 22. Bb1 Nb8 23. Qe2 Nd7 24. f4 c5 25. dxe5 dxe5 26. f5 Ngf6 27. a4 Rb8 28.
Rd2 Rb7 29. Red1 Rfb8 30. a5 Ne8 31. Rd5 Bf8 32. Qd2 Nef6 33. Rd6 Qxd6 34. Qxd6
Bxd6 35. Rxd6 Ra8 36. Ba2 Kg7 37. fxg6 fxg6 38. Be6 Rc7 39. Kf2 Kf8 40. Bxd7
Ke7 41. Re6+ Kf7 42. Bc6 1/2-1/2

[Event "SR 4. liga A21 2013/2014"]
[Site "?"]
[Date "2013.11.03"]
[Round "3.3"]
[White "Leska, Marian"]
[Black "Buran, Andrej ml"]
[Result "0-1"]
[WhiteElo "1701"]
[BlackElo "1392"]
[PlyCount "128"]
[EventDate "2013.??.??"]

1. d4 d5 2. c4 e6 3. e3 Nf6 4. Nc3 Be7 5. Nf3 O-O 6. Be2 dxc4 7. Bxc4 c5 8. O-O
cxd4 9. Nxd4 e5 10. Nf3 e4 11. Nd4 Bc5 12. Nde2 Bd6 13. Qb3 a6 14. a4 Qc7 15.
h3 Nc6 16. Nd5 Nxd5 17. Bxd5 Bf5 18. Nc3 Rae8 19. Qc4 Nd8 20. Rd1 Qxc4 21. Bxc4
Be5 22. Bd2 Ne6 23. Rab1 Nc5 24. Ne2 Rc8 25. b3 Nxa4 26. bxa4 Rxc4 27. a5 Rb8
28. Be1 h6 29. Rd2 Bc3 30. Rc2 Bxe1 31. Rxc4 Bxa5 32. Nd4 Bd7 33. Rc5 Bd8 34.
Re5 b5 35. Rxe4 b4 36. Re5 a5 37. Rd5 Be8 38. Rd6 a4 39. Ra6 b3 40. Kf1 Bf6 41.
Ke1 Rd8 42. Nxb3 Bc3+ 43. Nd2 Bxd2+ 44. Ke2 Bc3 45. f4 Rd2+ 46. Kf3 Rb2 47. Rc1
Rb3 48. Ra8 Kf8 49. Rd1 Bf6 50. Ke4 Rb4+ 51. Kf5 Rb5+ 52. Kg4 h5+ 53. Kf3 Rb7
54. Rc1 Ke7 55. g4 hxg4+ 56. hxg4 Rb6 57. Ra7+ Ke6 58. f5+ Ke5 59. Rc5+ Kd6 60.
Rc2 Bc6+ 61. Ke2 Bb5+ 62. Kf3 Bc6+ 63. Ke2 Rb2 64. Kd3 Be4+ 0-1

[Event "SR 4. liga A21 2013/2014"]
[Site "?"]
[Date "2013.11.03"]
[Round "3.4"]
[White "Slaby, Jozef"]
[Black "Berger, Patrik"]
[Result "0-1"]
[WhiteElo "1874"]
[BlackElo "1924"]
[PlyCount "78"]
[EventDate "2013.??.??"]

1. c4 e5 2. Nc3 Nf6 3. d3 d5 4. cxd5 Nxd5 5. Bd2 Nc6 6. Nf3 Be6 7. g3 f6 8. a3
Qd7 9. Rc1 Be7 10. Ne4 O-O-O 11. Qc2 Kb8 12. b4 Bg4 13. b5 Nd4 14. Nxd4 exd4
15. a4 Nb4 16. Qb2 f5 17. Bxb4 fxe4 18. dxe4 Bxb4+ 19. Qxb4 Bxe2 20. Kxe2 Qg4+
21. Kd2 Qf3 22. Bh3 Qxf2+ 23. Kd3 Rhf8 24. Bf5 g6 25. Qe7 Qe3+ 26. Kc2 gxf5 27.
Kb1 Qxe4+ 28. Qxe4 fxe4 29. Rhf1 Kc8 30. Kc2 c5 31. bxc6 bxc6 32. Kd2 Rxf1 33.
Rxf1 Kc7 34. Rf4 e3+ 35. Kd3 Rd7 36. h4 c5 37. g4 c4+ 38. Ke2 d3+ 39. Kd1 e2+
0-1

[Event "SR 4. liga A21 2013/2014"]
[Site "?"]
[Date "2013.11.03"]
[Round "3.4"]
[White "Vepy, Ivan"]
[Black "Vagovic, Milan"]
[Result "1-0"]
[WhiteElo "1926"]
[BlackElo "1702"]
[PlyCount "67"]
[EventDate "2013.??.??"]

1. e4 c5 2. Nc3 e6 3. Nf3 a6 4. Be2 Nc6 5. O-O Be7 6. d4 cxd4 7. Nxd4 Qc7 8.
Kh1 Bf6 9. Nb3 Nge7 10. f4 d6 11. Be3 g6 12. Qd2 O-O 13. Rad1 Bxc3 14. Qxc3 f5
15. Nd2 b5 16. a3 Bb7 17. Bf3 Rac8 18. Qb3 Kf7 19. exf5 Nxf5 20. Ne4 d5 21.
Ng5+ Kf6 22. Rfe1 Rfe8 23. Bd2 h6 24. Bc3+ e5 25. Nh3 d4 26. fxe5+ Rxe5 27.
Rxe5 Nxe5 28. Bxb7 Qxb7 29. Bxd4 Nxd4 30. Rxd4 g5 31. Rd6+ Kg7 32. Qe6 Nf7 33.
Rd7 Rc7 34. Qxf7+ 1-0

[Event "SR 4. liga A21 2013/2014"]
[Site "?"]
[Date "2013.11.03"]
[Round "3.4"]
[White "Pripko, Bystrik"]
[Black "Jarabek, Milan"]
[Result "1/2-1/2"]
[WhiteElo "1721"]
[BlackElo "1744"]
[PlyCount "63"]
[EventDate "2013.??.??"]

1. e4 c5 2. Nf3 d6 3. h3 Nc6 4. a3 Nf6 5. Nc3 g6 6. Bc4 Bg7 7. d3 O-O 8. O-O a6
9. Nd5 b5 10. Ba2 b4 11. axb4 Nxb4 12. Nxf6+ Bxf6 13. Bc4 d5 14. exd5 Nxd5 15.
Re1 Qd6 16. Nd2 Bd4 17. Ne4 Qc6 18. c3 Bg7 19. Qf3 e6 20. Be3 f5 21. Nxc5 Qd6
22. Nb3 Bb7 23. Bc5 Qc7 24. Bxf8 Nf4 25. Qe3 Rxf8 26. Bxe6+ Kh8 27. Nd4 Nxg2
28. Qg3 f4 29. Qg4 Nxe1 30. Rxe1 Bxd4 31. cxd4 Qd6 32. Bc4 1/2-1/2

[Event "SR 4. liga A21 2013/2014"]
[Site "?"]
[Date "2013.11.03"]
[Round "3.4"]
[White "Harastova, Viera"]
[Black "Piestansky, Jan"]
[Result "1-0"]
[WhiteElo "1877"]
[BlackElo "1658"]
[PlyCount "105"]
[EventDate "2013.??.??"]

1. d4 d5 2. c4 c6 3. Nc3 Bf5 4. Bf4 e6 5. e3 Nf6 6. Bd3 Bg6 7. Nf3 h6 8. Bxg6
fxg6 9. Ne5 g5 10. Qc2 Ne4 11. Bg3 Nd7 12. Nxe4 Nxe5 13. Bxe5 dxe4 14. Qxe4 Qe7
15. O-O Rd8 16. Rfd1 Qf7 17. Rac1 Be7 18. d5 exd5 19. cxd5 cxd5 20. Qa4+ Kf8
21. Qxa7 Qe6 22. Qd4 Bf6 23. Bxf6 gxf6 24. Rc7 Rg8 25. Rxb7 Rg7 26. Rb6 Rd6 27.
Rxd6 Qxd6 28. Qxd5 Qb4 29. Qd6+ Qxd6 30. Rxd6 Ke7 31. Rb6 Rg8 32. g3 h5 33. Kg2
Rf8 34. a4 Kd7 35. Kf3 Kc7 36. a5 f5 37. b4 Re8 38. Rb5 Rf8 39. Rc5+ Kb7 40. b5
Rf6 41. b6 Rf7 42. e4 g4+ 43. Kf4 fxe4+ 44. Kxe4 Rxf2 45. Rxh5 Ka6 46. Rg5 Rxh2
47. Rxg4 Kxa5 48. b7 Rh8 49. Rg7 Ka6 50. g4 Ka7 51. g5 Kb8 52. g6 Rf8 53. Rf7
1-0

[Event "SR 4. liga A21 2013/2014"]
[Site "?"]
[Date "2013.11.03"]
[Round "3.4"]
[White "Slaba, Andrea"]
[Black "Antalek, Rudolf"]
[Result "1/2-1/2"]
[WhiteElo "1294"]
[BlackElo "1533"]
[PlyCount "77"]
[EventDate "2013.??.??"]

1. c4 Nf6 2. d4 g6 3. e3 Bg7 4. Nf3 e6 5. Be2 O-O 6. O-O d6 7. Nc3 Nbd7 8. a3
c5 9. b4 cxd4 10. exd4 Re8 11. Re1 Qc7 12. h3 Nb6 13. Qb3 Bd7 14. Bb2 Rac8 15.
c5 Nbd5 16. Rac1 Bc6 17. Qc2 b6 18. cxd6 Qxd6 19. Qb1 Re7 20. Ne5 Rec7 21. Nxc6
Rxc6 22. Nxd5 Nxd5 23. Rxc6 Rxc6 24. Rc1 Nf4 25. Bf3 Rc7 26. Rxc7 Qxc7 27. Qd1
b5 28. Be2 Nxe2+ 29. Qxe2 Qc4 30. Qxc4 bxc4 31. Kf1 Kf8 32. Ke1 Ke7 33. Kd2 Kd6
34. Bc3 Kd5 35. Ke3 Bh6+ 36. f4 f5 37. h4 Kc6 38. a4 Bf8 39. Bd2 1/2-1/2

[Event "SR 4. liga A21 2013/2014"]
[Site "?"]
[Date "2013.11.03"]
[Round "3.5"]
[White "Skapikova, Lubica"]
[Black "Kovarik, Oto"]
[Result "0-1"]
[WhiteElo "1893"]
[BlackElo "1925"]
[PlyCount "106"]
[EventDate "2013.??.??"]

1. e4 c5 2. Nf3 e6 3. d4 cxd4 4. Nxd4 a6 5. Nc3 Qc7 6. Be3 Nc6 7. Be2 Nf6 8. a3
Be7 9. O-O O-O 10. f4 d6 11. Qe1 Nxd4 12. Bxd4 e5 13. Be3 Be6 14. Qg3 Bc4 15.
fxe5 dxe5 16. Bh6 Ne8 17. Bxc4 Qxc4 18. Rad1 Rd8 19. b3 Qe6 20. Bc1 Nf6 21. Bb2
Bc5+ 22. Kh1 Bd4 23. Rde1 Rc8 24. Rf3 Qc6 25. Rxf6 Qxf6 26. Nd5 Qd8 27. c3 Bc5
28. Qxe5 Re8 29. Qf5 Rc6 30. c4 Qc8 31. Qf4 Bd6 32. Qg5 Bf8 33. h3 Rg6 34. Qh5
Bd6 35. e5 f6 36. Nf4 Rg5 37. Qf3 Qc6 38. Nd5 Bxe5 39. Bxe5 Rgxe5 40. Rf1 Re1
41. Kh2 Qd6+ 42. g3 Rxf1 43. Qxf1 Qxa3 44. Qd1 Qb2+ 45. Kg1 Qe5 46. Kf2 Rd8 47.
Qg4 Kf7 48. Qf3 b5 49. Qd3 g6 50. Kg2 bxc4 51. bxc4 a5 52. Qd2 Qe4+ 53. Kh2
Qxc4 0-1

[Event "SR 4. liga A21 2013/2014"]
[Site "?"]
[Date "2013.11.03"]
[Round "3.5"]
[White "Cerovsky, Marian"]
[Black "Skapik, Branislav"]
[Result "0-1"]
[WhiteElo "1832"]
[BlackElo "1841"]
[PlyCount "66"]
[EventDate "2013.??.??"]

1. e4 d5 2. exd5 Nf6 3. c4 c6 4. dxc6 Nxc6 5. Nf3 e5 6. h3 Bc5 7. Nc3 Bf5 8. a3
Nd4 9. Nxd4 Qxd4 10. Qf3 Be4 11. Qe3 O-O 12. b4 Bb6 13. c5 Bc7 14. Qxd4 exd4
15. Nxe4 Nxe4 16. Bd3 f5 17. O-O Bf4 18. Ra2 Rad8 19. g3 Bc7 20. Kg2 Kh8 21.
Rc2 Rf6 22. Re1 Rdf8 23. Bb2 Be5 24. f4 Rg6 25. fxe5 Rxg3+ 26. Kh2 Rxd3 27. Bc1
f4 28. Rxe4 f3 29. Re1 f2 30. Rf1 Rff3 31. Kg2 Rxh3 32. Rxf2 Rdg3+ 33. Kf1 Rh1+
0-1

[Event "SR 4. liga A21 2013/2014"]
[Site "?"]
[Date "2013.11.03"]
[Round "3.5"]
[White "Pericka, Pavol"]
[Black "Damborsky, Pavol"]
[Result "1-0"]
[WhiteElo "1793"]
[BlackElo "1836"]
[PlyCount "75"]
[EventDate "2013.??.??"]

1. e4 e5 2. Bc4 Nf6 3. Nf3 d5 4. exd5 Nxd5 5. Nxe5 Be6 6. O-O Bd6 7. Re1 O-O 8.
d4 Qh4 9. Nf3 Qh5 10. Bb3 Bg4 11. h3 Bxf3 12. Qxf3 Qxf3 13. gxf3 Nf6 14. Bg5
Nbd7 15. c4 c6 16. Nc3 Bb4 17. Re3 Bxc3 18. Rxc3 h6 19. Bf4 Rfe8 20. Re3 g5 21.
Bd6 Kg7 22. Rae1 Rxe3 23. fxe3 Re8 24. Kf2 Nh5 25. d5 Ne5 26. Rd1 cxd5 27. cxd5
f5 28. Ba4 Nc6 29. dxc6 bxc6 30. Bxc6 Rc8 31. Ba4 Kg6 32. Be5 Rf8 33. Rd7 g4
34. hxg4 fxg4 35. f4 Kf5 36. Rd6 Nf6 37. Bxf6 g3+ 38. Kf3 1-0

[Event "SR 4. liga A21 2013/2014"]
[Site "?"]
[Date "2013.11.03"]
[Round "3.5"]
[White "Dubecky, Ladislav"]
[Black "Perickova, Jana"]
[Result "1-0"]
[WhiteElo "1675"]
[BlackElo "1534"]
[PlyCount "73"]
[EventDate "2013.??.??"]

1. e4 e5 2. f4 Nc6 3. Nf3 d6 4. Bc4 Nf6 5. Nc3 Be7 6. O-O O-O 7. d3 Be6 8. Bxe6
fxe6 9. fxe5 Nxe5 10. Nxe5 dxe5 11. Ne2 Bc5+ 12. d4 exd4 13. Qd3 e5 14. Bg5 Qd6
15. Ng3 Ng4 16. Nf5 Qg6 17. h4 h6 18. Qc4+ Rf7 19. Qxc5 Qh5 20. Bd2 Raf8 21. g3
g6 22. Ne7+ Kg7 23. Rxf7+ Rxf7 24. Qxc7 Nh2 25. Bxh6+ Kxh6 26. Qd8 Nf3+ 27. Kh1
Nxh4 28. Qh8+ Kg5 29. gxh4+ Qxh4+ 30. Qxh4+ Kxh4 31. Nxg6+ Kg5 32. Nxe5 Rh7+
33. Kg2 Kf4 34. Nf3 Kxe4 35. Re1+ Kd5 36. Re5+ Kd6 37. Re4 1-0

[Event "SR 4. liga A21 2013/2014"]
[Site "?"]
[Date "2013.11.03"]
[Round "3.5"]
[White "Zachar, Michal"]
[Black "Sprusansky, Ferdinand"]
[Result "0-1"]
[WhiteElo "1000"]
[BlackElo "1439"]
[PlyCount "60"]
[EventDate "2013.??.??"]

1. e4 e5 2. Nf3 Nc6 3. Nc3 Nf6 4. Nd5 d6 5. h3 Nxe4 6. d3 Nf6 7. Be3 Nxd5 8.
Qd2 Nxe3 9. Qxe3 Be7 10. O-O-O Be6 11. d4 exd4 12. Nxd4 Nxd4 13. Qxd4 Bf6 14.
Qb4 O-O 15. Be2 Bxa2 16. b3 Bg5+ 17. Kb2 c5 18. Qa4 Bxb3 19. cxb3 Qf6+ 20. Ka3
a6 21. Qc4 b5 22. Qd3 b4+ 23. Ka2 Qd8 24. Bf3 Qa5+ 25. Kb1 Bf6 26. Qxd6 Qa1+
27. Kc2 Qb2+ 28. Kd3 Rad8 29. Qxd8 Rxd8+ 30. Ke4 Qe5# 0-1

[Event "SR 4. liga A21 2013/2014"]
[Site "?"]
[Date "2013.11.03"]
[Round "3.6"]
[White "Blatnicky, Miroslav"]
[Black "Lanik, Miroslav"]
[Result "1-0"]
[WhiteElo "2089"]
[BlackElo "1925"]
[PlyCount "107"]
[EventDate "2013.??.??"]

1. d4 e6 2. c4 Bb4+ 3. Nc3 b6 4. e4 Bb7 5. Bd3 Nf6 6. f3 Bxc3+ 7. bxc3 d6 8.
Ne2 O-O 9. O-O Nbd7 10. a4 c5 11. Qe1 Qc7 12. Qg3 Kh8 13. Qh4 e5 14. d5 Qd8 15.
Bg5 Kg8 16. Ng3 h6 17. Bd2 Nh7 18. Qh3 Bc8 19. Nf5 Ndf6 20. g4 Bxf5 21. gxf5
Ne8 22. Rf2 Ng5 23. Qg3 Kh8 24. Kh1 Qf6 25. Rg1 Nh7 26. Rfg2 Rg8 27. f4 exf4
28. Qxf4 Ng5 29. Rg3 Nc7 30. Qh4 Nh7 31. Qh5 Rae8 32. Rh3 Rd8 33. Bc2 a6 34.
Be1 g5 35. Qxh6 Qxh6 36. Rxh6 f6 37. h4 gxh4 38. Bxh4 Rxg1+ 39. Kxg1 Rg8+ 40.
Kf2 Kg7 41. Rg6+ Kf8 42. Rxg8+ Kxg8 43. Bd1 Kf7 44. Ke3 Ke7 45. Bh5 Nf8 46. Bg3
Nd7 $11 47. Be2 a5 48. Kf3 Ne8 49. Kg4 Nc7 50. Kh5 Ne8 51. Kh6 Nc7 52. Bh5 Ne8
53. Bxe8 Kxe8 54. Bxd6 1-0

[Event "SR 4. liga A21 2013/2014"]
[Site "?"]
[Date "2013.11.03"]
[Round "3.6"]
[White "Palka, Miroslav"]
[Black "Orvisky, Vladimir"]
[Result "1/2-1/2"]
[WhiteElo "1924"]
[BlackElo "1817"]
[PlyCount "114"]
[EventDate "2013.??.??"]

1. d4 d5 2. c4 c6 3. g3 Nf6 4. Bg2 dxc4 5. Nf3 Bf5 6. Nbd2 Qa5 7. O-O c3 8. Nb3
cxb2 9. Bxb2 Qc7 10. Nh4 Bc8 11. Rc1 Qd8 12. Qc2 e6 13. e4 Be7 14. Rfd1 O-O 15.
Nf3 b6 16. d5 cxd5 17. exd5 Nxd5 18. Ne5 Bb7 19. Nd4 Qe8 20. Qe2 Nd7 21. Ndc6
Bc5 22. Nd4 N7f6 23. h4 h6 24. Ng4 Nxg4 25. Qxg4 Nf6 26. Qe2 Bxg2 27. Kxg2 Qa4
28. Nb3 Qe4+ 29. Qxe4 Nxe4 30. f3 Be3 31. fxe4 Bxc1 32. Rxc1 Rac8 33. Kf3 Rxc1
34. Nxc1 Rc8 35. Nd3 a5 36. a3 Rc2 37. Be5 Rc6 38. Ke3 b5 39. Bd4 f5 40. Bc5
Rc8 41. e5 Kf7 42. Kd4 g5 43. hxg5 hxg5 44. Ke3 Ke8 45. Kd4 Kd7 46. Ke3 Kc6 47.
Kd4 Rc7 48. Bd6 Rh7 49. Nc5 Rh3 50. Nxe6 Rxg3 51. Ng7 Rg4+ 52. Ke3 Rg3+ 53. Kf2
f4 54. Bf8 g4 55. e6 Rf3+ 56. Kg2 Rg3+ 57. Kf2 Rf3+ 1/2-1/2

[Event "SR 4. liga A21 2013/2014"]
[Site "?"]
[Date "2013.11.03"]
[Round "3.6"]
[White "Krchnak, Rudolf"]
[Black "Tokos, Rastislav"]
[Result "0-1"]
[WhiteElo "1821"]
[BlackElo "1846"]
[PlyCount "82"]
[EventDate "2013.??.??"]

1. d4 Nf6 2. Nc3 d5 3. Bg5 e6 4. e4 dxe4 5. Nxe4 Be7 6. Bxf6 Bxf6 7. Nf3 Nc6 8.
c3 O-O 9. Bd3 e5 10. d5 Ne7 11. Nxf6+ gxf6 12. Qc2 Ng6 13. O-O-O Bg4 14. h3
Bxf3 15. gxf3 Kh8 16. Be4 Qd6 17. Rhg1 Rg8 18. Rg3 Rg7 19. Kb1 Rd8 20. a3 a5
21. Qd2 b6 22. Qe3 Qd7 23. Rdg1 f5 24. Bxf5 Qxf5+ 25. Qe4 Qxe4+ 26. fxe4 Rdg8
27. Kc2 Nf4 28. h4 Rxg3 29. Rxg3 Rxg3 30. fxg3 Nh5 31. b4 axb4 32. axb4 Nxg3
33. Kd3 b5 34. d6 cxd6 35. c4 bxc4+ 36. Kxc4 Nxe4 37. b5 Nc5 38. b6 e4 39. Kd4
f5 40. Kd5 e3 41. Kxd6 Na6 0-1

[Event "SR 4. liga A21 2013/2014"]
[Site "?"]
[Date "2013.11.03"]
[Round "3.6"]
[White "Huska, Branislav"]
[Black "Smrek, Peter"]
[Result "1-0"]
[WhiteElo "1575"]
[BlackElo "1811"]
[PlyCount "39"]
[EventDate "2013.??.??"]

1. e4 e5 2. Nf3 Nf6 3. Nxe5 d6 4. Nf3 Nxe4 5. d4 d5 6. Bd3 Be7 7. O-O O-O 8. c4
Nf6 9. h3 Be6 10. Ng5 Qd7 11. Nxe6 fxe6 12. Nc3 Nc6 13. Re1 b6 14. Bg5 h6 15.
Bxf6 Bxf6 16. Qg4 dxc4 17. Bxc4 Nxd4 18. Rxe6 Kh8 19. Rxf6 Qxg4 20. Rxf8+ 1-0

[Event "SR 4. liga A21 2013/2014"]
[Site "?"]
[Date "2013.11.03"]
[Round "3.6"]
[White "Varga, Adam"]
[Black "Dest, Stanislav"]
[Result "0-1"]
[WhiteElo "1216"]
[BlackElo "1437"]
[PlyCount "126"]
[EventDate "2013.??.??"]

1. e4 e5 2. Nf3 d6 3. Bc4 Be7 4. d3 Nf6 5. Be3 Bd7 6. c3 O-O 7. Nbd2 Nc6 8. O-O
Na5 9. Bb3 Nxb3 10. Qxb3 Qc8 11. d4 exd4 12. cxd4 Bc6 13. d5 Bd7 14. Nd4 Ng4
15. f3 Nxe3 16. Qxe3 Bf6 17. Rac1 a6 18. N2b3 Qd8 19. Qd3 Rc8 20. Rf2 c5 21.
dxc6 bxc6 22. Rfc2 c5 23. Ne2 Qb6 24. Kf1 Bb5 25. Qd5 Rfd8 26. Ke1 h6 27. Nc3
Bc6 28. Qd3 Bg5 29. Rd1 c4 30. Qxc4 Bb5 31. Qd4 Qc7 32. g3 Bf6 33. Qe3 Qc4 34.
Qf2 Qc7 35. Rdc1 Qb8 36. Nxb5 Rxc2 37. Rxc2 Qxb5 38. Nc1 d5 39. exd5 Qxd5 40.
Kf1 Qd1+ 41. Kg2 Bd4 42. Qe2 Qg1+ 43. Kh3 Bf6 44. Nb3 Qb6 45. Rd2 Rc8 46. Rc2
Rd8 47. Nc5 a5 48. Na4 Qd4 49. b3 Qd7+ 50. Kg2 Re8 51. Qd2 Qe7 52. Qxa5 Qe3 53.
Qd2 Qe7 54. Nb6 Bg5 55. f4 Qe4+ 56. Kf2 Bf6 57. Rc4 Qh1 58. Rc2 Rd8 59. Qc1
Bd4+ 60. Ke2 Qe4+ 61. Kf1 Qf3+ 62. Ke1 Re8+ 63. Kd2 Qe2# 0-1